00395 2200169 4500001002100000005001500021035002000036245002200056100000900078300002100087260004100108082000800149084001400157020001800171600000900189990002700198INLIS00000000000086620260108102327 a0010-01260000131 aRasa /cTere Liye0 aTere a421 hlm ;c20 cm aDepok :bSabak grip Nusantara,c2025 a813 a813 TER r a978623972623204aTere a2025/SMKMIRI/3160/0001